Top 10 point guards of all time - Statistics

General Stats
  • This quiz has been taken 20 times
  • The average score is 7 of 10
Answer Stats
Hint Answer % Correct
1* Stephen Curry
100%
2 Magic Johnson
95%
6* Chris Paul
84%
5 John Stockton
79%
4 Jerry West
74%
8 Steve Nash
74%
7 Isiah Thomas
53%
3 Oscar Robertson
53%
10 Bob Cousy
47%
9 Walt Frazier
21%
No matching quizzes found
Score Distribution
Percent of People with Each Score
Percentile by Number Answered
Your Score History
You have not taken this quiz